000 00540cam a2200181 4500500
005 20260405001554.0
041 _afre
042 _adc
100 1 0 _aNathan, Tobie
_eauthor
245 0 0 _aDe Darwin à Lévi-Strauss
260 _c2013.
500 _a10
690 _aClaude Lévi-Strauss
690 _aDarwin
690 _aPascal Picq
786 0 _nPhilosophie magazine | 72 | 9 | 2013-09-01 | p. 51-51 | 1951-1787
856 4 1 _uhttps://shs.cairn.info/magazine-philosophie-magazine-2013-9-page-51?lang=fr&redirect-ssocas=7080
999 _c2048934
_d2048934